[Event "SPFNO K-5 Open"]
[Site "Bellevue, WA"]
[Date "2022.10.23"]
[Round "6"]
[White "Milner, Romi"]
[Black "Yadav, Arjun"]
[Result "1/2-1/2"]
[WhiteElo "1359"]
[BlackElo "1441"]
[Annotator "Arjun Yadav"]
[PlyCount "73"]
[EventDate "2022.10.22"]
[EventType "swiss"]
[EventRounds "6"]
[EventCountry "USA"]

1. d4 Nf6 2. Bf4 {here I knew the opponent was going to play London system.} g6
3. Nf3 Bg7 4. e3 {I decided to play my Kings Indian Defense} O-O 5. Be2 d6 6.
h3 Nbd7 7. O-O c5 {we were still in theory} 8. c3 a6 {here I thought of
gaining more space on the queenside with b5} 9. Nbd2 b5 10. Re1 Bb7 {I gave my
bishop an active diagonal} 11. Bf1 Nh5 {I wanted to get a tempo to play f5 by
attacking the bishop. But...} 12. Bh2 f5 13. Ng5 {I ended up creating a
weakness on e6} Bd5 {The best defense in this position} 14. c4 {here, I should
have counter attacked the knight on g5 with h6.} bxc4 15. Bxc4 Bxc4 16. Nxc4 {
this allows white to have a straight diagonal to my king (a2-g8)} Rf6 17. Qf3
Kh8 18. Qd5 {this allows me to trade queens with...} Qg8 19. Qxg8+ Kxg8 20. g4
{g4 is a mistake. White didn't realize that I can counter with h6!} h6 {
If White plays Nf3, I can play fxg4 attacking the Knight.} 21. gxh5 hxg5 22.
hxg6 Rxg6 23. Rad1 d5 24. dxc5 Nxc5 25. Rxd5 Ne4 {activating the knight to an
outpost. The knight could only be dislodged with f3, which i thought to be
creating more weakness around White's king.} 26. Red1 f4 27. Rd8+ Rxd8 28.
Rxd8+ Kf7 29. Kf1 f3 {allowed me to push the pawn to f3 and minimize the white
king's movement.} 30. Be5 Rc6 {the knight is pinned as there is a mate with Rc1
} 31. b3 Bf6 {I thought of playing Rh6, however decided to keep it near the
action but since I only needed a draw to win the tournament, I played it safe.}
32. Bxf6 exf6 33. Rd3 Ke6 {centralizing my king.} 34. a4 {weakening the b3
pawn and gave target for my Knight} Nc5 35. Rc3 Ne4 36. Rc2 Nc5 37. Rc3 {
... here I missed that after Nxb3, Rxb3, Rxc4, Rb6+, Ke5, white couldn't take
on a6 because of the threat of Rc1#. After a few moves, the game was drawn by
agreement.} 1/2-1/2

[Event "SPFNO K-8 Open"]
[Site "Bellevue, WA"]
[Date "2022.10.23"]
[Round "3"]
[White "Nallappa, Vijay"]
[Black "Chan, Skylor"]
[Result "0-1"]
[WhiteElo "1544"]
[BlackElo "1600"]
[Annotator "Skylor Chan"]
[PlyCount "80"]
[EventDate "2022.10.23"]
[EventType "swiss"]
[EventRounds "6"]
[EventCountry "USA"]

{[%evp 0,80,34,35,27,27,39,39,69,65,56,59,60,70,66,64,58,58,68,62,58,8,8,22,19,
28,34,38,22,8,25,2,28,21,44,43,39,22,38,25,42,27,39,29,70,66,63,67,61,13,26,28,
27,27,27,-13,-24,-9,-9,-178,-167,-164,-160,-160,-148,-181,-168,-203,-251,-362,
-185,-184,-177,-171,-155,-282,-230,-230,-237,-427,-528,-869,-938]} 1. d4 Nf6 2.
Nf3 c5 {Normally I play the KID, but I decided to go for a benoni structure in
this game.} 3. d5 g6 4. Nc3 {My opponent takes advantage of the 2. Nf3 move
order and avoids playing c4.} d6 5. e4 Bg4 {Common motive in Benoni structures,
I wanted to play Nbd7 and take control of the e5 square.} 6. h3 Bxf3 7. Qxf3 {
h3 helps black, as the B is going to take on f3 anyways.} Nbd7 8. Bd2 a6 9. a4
Bg7 10. Bc4 {Giving up the B pair.} Ne5 11. Qe2 Nxc4 12. Qxc4 Nd7 {Ne5 idea.}
13. O-O O-O 14. Rfb1 {Odd move by opponent, f4 would make more sense.} Rc8 15.
Nd1 Qb6 {Idea to play c4 without f4 coming.} 16. Bc3 Ne5 17. Qe2 c4 18. Kh1 {
idea of pf4} Bh6 {Avoiding f4, white is slightly better.} 19. Bd2 {Now I was
considering whether to exchange the dark squared bishops, but didn't want Qh6
and Ne3 to come.} Bg7 {If Bc3 came, I would play Qc5 and accept the exchange
of the dark squared bishops (... 21. f4 Nd7 Bxg7 Kxg7) as the Q is on a light
square and my K is on g7.} 20. Be3 (20. Ne3) 20... Qd8 21. Bd4 b5 {I break
with b5, trying to create inbalances and to rip open lines.} 22. f4 Nd7 23.
Bxg7 Kxg7 {White has an edge.} 24. Ne3 Nc5 25. axb5 {Forced in order to keep
material balance} axb5 26. Qf3 Ra8 {We are fighting for the a1 file.} 27. c3 $6
{At first glance seems logical to take control of the dark squares, but allows
the file to be taken by black.} Nb3 28. Rxa8 Qxa8 29. Nc2 {Both sides were low
on time, and opponent blunders the exchange.} Nd2 $16 30. Qd1 Nxb1 31. Qxb1 Qa4
32. Qd1 Ra8 33. Qd4+ Kg8 34. Na3 Qa7 35. Qd2 Qc5 36. Kh2 Ra4 {Rxa3 is accurate}
37. Qc2 Rxa3 38. bxa3 Qxa3 39. Qd2 b4 40. cxb4 c3 {This is completely winning
for black.} 0-1

[Event "SPFNO K-8 Open"]
[Site "Bellevue, WA"]
[Date "2022.10.23"]
[Round "4"]
[White "Chan, Skylor"]
[Black "Verma, Darsh"]
[Result "1/2-1/2"]
[WhiteElo "1600"]
[BlackElo "1632"]
[Annotator "Skylor Chan"]
[PlyCount "45"]
[EventDate "2022.10.23"]
[EventType "swiss"]
[EventRounds "6"]
[EventCountry "USA"]

{[%evp 0,45,19,31,34,42,8,8,18,19,-10,25,4,1,-14,-4,3,38,26,21,23,6,15,18,28,
-6,22,23,15,37,37,53,48,46,41,23,53,-49,-18,-38,27,63,54,1,13,-81,-75,-75]} 1.
e4 e5 2. Nf3 Nc6 3. Bc4 Bc5 4. c3 Nf6 5. d4 exd4 6. cxd4 Bb4+ 7. Bd2 {Black
has 2 choices; to take on e4 or to exchange the bishops.} Bxd2+ 8. Nbxd2 d5 9.
exd5 Nxd5 {There are some interesting lines here, such as Qc2} 10. O-O O-O 11.
Rc1 Bg4 {Odd move. I was expecting Nb6.} 12. h3 Bh5 13. Bxd5 Qxd5 14. Qa4 {
Idea of Rc5.} Bxf3 15. Nxf3 Rfe8 16. Rc5 {Very natural move.} Qd6 {Very
interesting moment in this game. My first idea was Rfc1, but I didn't want to
allow any Re2 ideas. However, if Qc4, then Re4 ideas lurk.} 17. Qc2 (17. Qc4
Re4) 17... Nb4 {Critical moment. Qc4 is the best move, as if 18. Nc6 then 19.
d5 $1 Winning the c7 pawn. Otherwise, if 18. Na6 19. Rd5 comes and after
something like 19. Qf6, white can go for this Qb3 Rb5 idea to win the b7 pawn.
Instead I played the worse move} 18. Qf5 f6 $1 19. a3 {idea to play Rd5.} Na6
20. Rd5 Qe6 {Here, I missed that I could exchange on e6 and play b4, where
white has a slight advantage and can play for a win. However, I wanted to
create imbalances and played:} 21. Nh4 {Not the best of moves, while still
equal.} g6 {Critical position. The best was to exchange queens here and to
play b4 like mentioned earlier, but I kept the queens on the board.} 22. Qf3 c6
23. Ra5 {Though the rook looks almost trapped, black only has an edge here and
if something like Nc7, then Rc5 could come and white's rook would come back
into play. Though the play is easier for black, we agreed on a draw as he had
7 minutes while I had 12. Overall, I missed a few chances which could have
given me an advantage.} 1/2-1/2

[Event "SPFNO K-8 Open"]
[Site "Bellevue, WA"]
[Date "2022.10.23"]
[Round "5"]
[White "Condit, Noah"]
[Black "Chan, Skylor"]
[Result "0-1"]
[WhiteElo "1558"]
[BlackElo "1600"]
[Annotator "Skylor Chan"]
[PlyCount "60"]
[EventDate "2022.10.23"]
[EventType "swiss"]
[EventRounds "6"]
[EventCountry "USA"]

{[%evp 0,60,35,40,46,80,102,47,40,34,56,14,22,-15,-13,-12,-25,-22,-4,2,2,-18,
-13,-8,-10,-5,11,-18,-18,-18,-18,-18,-42,-33,-61,-54,-67,-70,60,-107,-86,-175,
-152,-140,-165,-282,-129,-136,-164,-421,-202,-211,-239,-222,-231,-288,-287,
-297,-45,-196,-202,-841,-856]} 1. e4 c5 2. Nf3 d6 3. Bb5+ Bd7 {I play Nd7
mainly, but I wanted to try something new.} 4. Bxd7+ Qxd7 5. c3 Nf6 6. Qc2 {
Here I missed Qg4; this would pick up the e4 pawn after O-O.} Nc6 7. d4 cxd4 8.
Nxd4 {Here I was considering exchanging on d4 or to play Rc8. I figured that
Rc8 would be better as if White doesn't exchange the knights, they are left
with this annoying c3 pawn which hinders their development.} Rc8 9. Be3 Ng4 $1
10. Qe2 {I would gladly take the Bishop pair.} Nxe3 11. Qxe3 d5 {A
questionable move, I should've waited a bit until playing this.} 12. O-O dxe4
13. Nd2 (13. Nxc6) 13... Nxd4 (13... g6 14. Nxe4 Bg7) 14. cxd4 g6 15. Nxe4 Bg7
16. Rfd1 (16. d5 Rc2) 16... O-O 17. d5 $5 Rc2 {Going after the pawns.} 18. d6
b6 {Important move, preventing Nb6.} 19. Rd2 Rfc8 20. Qb3 Rxd2 21. Nxd2 Qxd6 {
Now I am much better.} 22. Rd1 Qc6 {Rd8 is better, but it is already
completely winning.} 23. h3 Qc2 24. Qf3 Bxb2 25. Nb3 a5 26. Rd2 Qb1+ 27. Kh2
Be5+ 28. g3 Rc2 29. Qd3 Rb2 30. Rxb2 {Opponent blunders his Queen.} Qxd3 0-1

[Event "Oregon Class Championship"]
[Site "?"]
[Date "2022.11.05"]
[Round "1"]
[White "Bjorksten, Lennart"]
[Black "Tang, Austin"]
[Result "0-1"]
[WhiteElo "2101"]
[BlackElo "1977"]
[Annotator "Wilson Gibbins"]
[PlyCount "52"]
[EventDate "2022.??.??"]

{[%evp 0,52,19,31,14,23,30,9,24,9,35,41,26,5,26,1,13,12,19,21,21,20,15,1,3,4,
40,10,19,0,23,-5,1,-23,-24,-32,-31,-71,-81,-223,-234,-256,-238,-397,-38,-270,
-366,-465,-490,-493,-514,-540,-539,-541,-551]} {I try to create a narrative
for a tournament, especially when there is none. The easy narratives these
days are "Youth will be served" vs. "Old age and treachery will always beat
youth and exuberance." Perhaps this game will be an indicator, as Austin is a
regular in the Junior tournaments, and Lennart is a regular in the Senior
tournaments.} 1. d4 Nf6 2. Bf4 d5 3. Nd2 c5 4. e3 Nc6 5. c3 Bf5 6. Ngf3 ({
Sometimes London practitioners can steal a pawn in the opening with} 6. dxc5 {
but this is not one of them} e5 7. Bg3 Bxc5) 6... e6 7. Nh4 Bg4 8. Qb3 Qd7 9.
h3 Bh5 10. g4 Bg6 11. Nxg6 hxg6 {The game starts well for Lennart. He has the
two bishops in a quiet position, just kind of position that a more experienced
player might be able to exploit against his youthful opponent.} 12. Bg2 cxd4
13. exd4 Na5 14. Qc2 Bd6 15. Be3 O-O 16. O-O-O $6 {This is a position where
looks are deceiving. It looks logical to castle long where there is more pawn
cover for your king and you can used the advanced g-pawn to attack Black's
king. But the pawn structure resembles an exchange queen's gambit declined
reversed where the standard plan is the minority attack, advancing the p-pawn
and perhaps the a-pawn to weaken the b2-c3-d4 pawn structure. So white is
castling queenside into Black's intended attacking zone. White it might look a
risky to castle kingside with the g-pawn advanced, Black doesn't have any
immediate pawn breaks on that side of the board. Black has one pawn break on
the queenside. And he will use it effectively.} b5 $1 {marching to b4 to crack
open White's king position.} 17. Kb1 Rab8 18. f4 {This move makes the engine
evaluation worse. But it is as good a try as any. White probably can't
successfully defend his king in the long run, so counterattacking Black's king
is the best approach.} b4 19. c4 {Trying to keep the b-file closed} dxc4 20.
Nxc4 Rfc8 21. b3 ({White has a tricky attempt to maintain his queenside pawn
structure that doesn't quite work.} 21. Ne5 Bxe5 22. dxe5 Nd5 23. Qe4 Nc3+ 24.
bxc3 Qa4 {Stockfish predicts great suffering for White in the near future in
lines like} 25. Ka1 Rxc3 26. Rb1 Nc4 27. Bc1 Rc2) 21... Nxc4 22. bxc4 b3 23.
axb3 Qa4 24. Rd3 Rxc4 25. Qa2 Qxa2+ 26. Kxa2 Rc2+ {White made no tactical
errors, yet Black's minority attack was sufficiently strong enough bring home
the point. After round 1 we are seem to be heading toward the "Youth will be
served" narrative. But that isn't how the tournament turned out, as you will
see in the next game.} 0-1

[Event "Oregon Class Championship"]
[Site "?"]
[Date "2022.11.06"]
[Round "5"]
[White "Bjorksten, Lennart"]
[Black "Richardson, Ryan"]
[Result "1-0"]
[WhiteElo "2101"]
[BlackElo "2043"]
[Annotator "Lennart Bjorksten"]
[PlyCount "53"]
[EventDate "2022.??.??"]

{This game decided the tournament. Entering the last round, Ryan and I were
the only players at 3 points.} 1. d4 Nf6 2. Bf4 e6 3. e3 d5 4. Nf3 Bd6 5. Ne5 {
Move order makes a difference! By delaying the typical c3 and Nbd2, white gets
to counter black's Bd6 with the knight jump, thereby avoiding trading off the
London bishop.} O-O 6. Bd3 c5 7. c3 b6 8. O-O Ba6 {Black gets to trade off his
bad bishop, but at the cost of several tempi since black's knight will now be
misplaced.} 9. Bxa6 Nxa6 10. Nd2 Nb8 {Correct, even if it looks strange. This
retreat is the best way for black's knight to get back into the game.} 11. Rc1
Bxe5 12. dxe5 {This restricts the bishop, but I like having a white pawn on e5.
} Nfd7 13. e4 {White's idea is to break open the center. This should benefit
white's bishop and rooks.} f6 14. exd5 fxe5 15. dxe6 exf4 16. Qf3 {I also
considered Qb3 and Re1, but couldn't calculate which option was best. Turns
out the computer likes Qb3, but all of these moves create tactical problems
for black, who was starting to get low on time.} Qc7 $2 {Black cracks. He
obviously saw that 17. Qxa8? Nc6 would trap white's queen, but white has a
nice intermezzo.} 17. e7 $1 {Now black loses decisive material. On 17... Re8
18. Qxa8, black can no longer play Nc6 because the rook would hang. And if 17..
. Rc8 18. Qxa8 Nc6 then white simply promotes with e8=Q.} Nc6 18. exf8=Q+ Rxf8
{The rest, as they say, is a matter of technique. White merely needs to play
simple, straightforward moves to activate his pieces. The extra exchange will
quickly be felt.} 19. Qd5+ Kh8 20. Rfe1 Nf6 21. Qe6 h6 22. Nf3 Re8 23. Qf5 Rd8
24. Rcd1 Rf8 25. Nh4 Rd8 26. Ng6+ Kg8 27. Nxf4 1-0

[Event "Oregon Class Championship"]
[Site "?"]
[Date "2022.11.05"]
[Round "1"]
[White "Baxter, Brent"]
[Black "Kuczek, Kevin"]
[Result "1-0"]
[WhiteElo "1800"]
[BlackElo "1971"]
[Annotator "Wilson Gibbins"]
[PlyCount "119"]
[EventDate "2022.??.??"]

{[%evp 0,119,27,27,80,31,37,14,14,0,7,18,17,9,42,11,21,21,25,25,32,32,60,30,28,
27,55,79,50,22,47,-24,21,33,63,36,99,36,162,145,176,236,251,187,198,190,183,
183,197,192,192,154,161,118,107,94,225,192,231,225,246,241,246,245,256,255,267,
269,266,256,250,257,242,230,230,219,240,221,260,287,284,316,316,254,285,285,
285,267,238,255,255,239,242,247,300,329,385,302,313,313,346,303,435,458,448,
460,663,681,702,737,1289,1299,29969,29970,29971,29972,29975,29978,29981,1269,
1269,1279]} 1. Nf3 f5 2. b3 e6 3. Bb2 Nf6 4. g3 Be7 5. Bg2 O-O 6. O-O d6 7. d3
e5 8. c4 Nc6 9. Nc3 Qe8 {I tend to get slaughtered by Black's kingside attack
in these Dutch Defense vs. English Opening positions. Brent keeps a cool head,
makes a few moves to frustrate the attack, and waits for his chance.} 10. Qd2
Bd8 11. Ne1 {Brent prepares to gain a little space for the kingside defense by
pushing a pawn to f5.} Qh5 12. Nd5 Ng4 13. h3 Nf6 14. f4 Qg6 15. Kh2 Nh5 16.
Qe3 Re8 17. Qf2 {Brent has worked to negate Black's kingside attack, which is
enough to gain him a slight edge. Petrosian would be proud.} Be6 {Seems
logical to develop a piece, but Stockfish says it allows White to increase his
advantage.} ({The engines prefer} 17... exf4 18. gxf4) 18. e4 Bxd5 $2 {It is
strategically correct to remove the well-placed knight, so this would be a
good move if white had to recapture immediately, but...} 19. exf5 $1 Qxf5 20.
Bxd5+ Kh8 21. Be4 ({The cold-blooded} 21. Qg2 {is even stronger, threatening
22.g4} {If Black tries to avoid the pawn fork with} Qg6 (21... Qd7) {then} 22.
fxe5 Nxe5 23. Bxe5 dxe5 24. Bf7 {wins material.}) 21... Qe6 22. fxe5 dxe5 23.
Qf8+ Qg8 24. Qxg8+ Kxg8 25. Bd5+ {This check drives Black's king to h8 where
it will be vulnerable to back rank mates. See move 27.} Kh8 26. Bxc6 bxc6 27.
Bxe5 Bg5 (27... Rxe5 28. Rf8#) 28. Nf3 Bf6 29. Rae1 Kg8 30. g4 Bxe5+ 31. Nxe5
Nf6 32. Nxc6 h6 33. Kg3 Nd7 34. Re7 Rxe7 35. Nxe7+ Kh7 36. Nd5 c6 37. Nb4 c5
38. Nc6 a5 39. Rf7 Nf6 40. Ra7 Re8 41. Rxa5 Re3+ 42. Kg2 Rxd3 43. Rxc5 Rd2+ 44.
Kf3 Rxa2 45. g5 hxg5 46. Rxg5 Ra3 47. Nd4 Nd7 48. Rd5 Nb6 49. Rc5 Nd7 50. Rc7
Ne5+ 51. Ke4 Ng6 52. Nf5 Rxb3 53. Rxg7+ Kh8 54. Rxg6 Rxh3 55. Rh6+ Rxh6 56.
Nxh6 Kg7 57. c5 Kf6 58. Kd5 Ke7 59. Kc6 Kd8 60. Kb7 1-0

[Event "Oregon Class Championship"]
[Site "?"]
[Date "2022.11.06"]
[Round "4"]
[White "Baxter, Brent"]
[Black "Phipps, Danny"]
[Result "1-0"]
[WhiteElo "1800"]
[BlackElo "1912"]
[Annotator "Wilson Gibbins"]
[PlyCount "68"]
[EventDate "2022.??.??"]

{[%evp 0,68,27,20,20,13,11,-4,0,-29,-1,-5,-2,3,4,17,17,23,39,28,32,27,41,47,52,
30,13,22,26,15,39,26,75,77,73,78,88,80,71,62,88,90,123,99,97,104,105,68,130,
116,123,109,119,102,101,97,98,86,179,193,391,274,201,195,234,211,430,449,442,
448,435]} 1. Nf3 d5 2. b3 c6 3. Bb2 Nf6 4. g3 Bg4 5. Bg2 Nbd7 6. O-O e6 7. d3
Be7 8. Nbd2 Qc7 9. c4 Rd8 10. cxd5 cxd5 11. Rc1 Qb8 12. Qc2 O-O 13. e4 Rc8 14.
Qb1 dxe4 15. dxe4 {The pawn structure is symmetric, both players have
developed all their pieces, so the game is about even.} e5 $2 16. Nc4 $1 {
Suddenly White's pieces start jumping all over the center by attacking the e5
pawn that just moved within attacking range and the d5 square which is no
longer protected by the pawn on e6.} Bxf3 {the best way to prevent White from
taking the pawn on e5, but still a concession to give up the bishop pair and
defender of the light squares d5 and f5.} 17. Bxf3 b5 18. Ne3 Bc5 19. Qd3 Rfd8
{If I were Black, I would be looking at the symmetrical pawn structure and
White's blocked bishop on f3, and be plotting my route to equality, perhaps by
exchanging the dark-squared bishops. In reality, White stands significantly
better.} 20. Nd5 $1 Kh8 21. Kg2 a6 22. Rfd1 Nb6 23. Qe2 Nfxd5 {Who wants to
live with a pesky knight on d5 forever? That said, capturing with the knight
on b6 is safer, keeping the knight on f6 to help defend the kingside.} 24. exd5
f6 {perhaps this was the reason to take with the knight on f6, as it freed the
f-pawn to defend the one on e5. But it weakens the light squares around
Black's king. White doesn't have any attackers in the zone yet, but Black's
defenders are a long way from the kingside. The attackers are about to appear.}
25. Bg4 Rc7 26. Be6 Nc8 27. h4 Nd6 28. h5 Bb4 29. h6 {Can White really
threaten Black's king with only a bishop and a pawn? Yes, yes he can, if his
queen can shift into the attacking zone at a moment's notice.} Re7 30. hxg7+
Rxg7 31. Rc6 Qb7 32. Qh5 {White has a winning advantage, so Black's next move
can hardly be classified as a mistake, but it allows an attractive finish.} Rg5
33. Qxg5 $1 fxg5 34. Bxe5+ Qg7 1-0